000 00583nam a22001697a 4500
008 230725b |||||||| |||| 00| 0 eng d
020 _a9781649839176
050 _aTX 911.3 .K75 2020
100 _aKrishna, Pavithra P.
245 _aCertified safe :
_bThe Basics of Food Safety and Hygiene Practices to Grow your Business /
250 _a1st ed.
260 _aIndia:
_bNotion press,
_c2020.
300 _a126p. ;
_bill. ;
_c19 cm.
500 _aincludes bibliographical references and index.
650 _2Food safety
942 _2lcc
_cBOOKS
_hTX 911.3 .K75 2020
999 _c31730
_d31730